[Event "ECC"]
[Site "Panormo GRE"]
[Date "2001.09.24"]
[Round "2"]
[White "Ginzburg,Mi"]
[Black "Andonovski,L"]
[Result "0-1"]
[WhiteElo "2274"]
[BlackElo "2335"]

1.e4 c5 2.Nf3 e6 3.d4 cxd4 4.Nxd4 Nc6 5.Nc3 Qc7 6.Be2 a6 7.O-O Nf6 8.Be3 Bb4
9.Na4 Be7 10.Nxc6 bxc6 11.Bd3 c5 12.c4 Bb7 13.Nc3 d6 14.Qe2 O-O 15.Rad1 Nd7
16.f4 Bf6 17.Bb1 Rfd8 18.Qc2 g6 19.Kh1 Bg7 20.Ne2 Nf6 21.Ng3 h5 22.e5 dxe5
23.Rxd8+ Rxd8 24.fxe5 Qxe5 25.Bf4 Qd4 26.Bg5 Rd7 27.Bxf6 Bxf6 28.b3 Be5 29.Ne4 f5
30.Ng5 Qh4 31.Nf3 Bxf3 32.gxf3 Bf4 33.Qg2 Kf7 34.Rg1 g5  0-1

[Event "ch-POL w"]
[Site "Brzeg Dolny POL"]
[Date "2001.09.26"]
[Round "2"]
[White "Grabarska,B"]
[Black "Blimke,D"]
[Result "1/2-1/2"]
[WhiteElo "2253"]
[BlackElo "2206"]

1.e4 c5 2.Nf3 e6 3.d4 cxd4 4.Nxd4 Nc6 5.Nc3 Qc7 6.Be3 a6 7.Bd3 Nf6 8.O-O Ne5
9.h3 Bc5 10.Kh1 d6 11.f4 Ng6 12.f5 Ne5 13.Nce2 d5 14.fxe6 dxe4 15.exf7+ Nxf7
16.Bc4 Ne5 17.Bb3 Bd7 18.Nf4 O-O-O 19.Qe2 Bxd4 20.Bxd4 Nf3 21.Qe3 Nxd4 22.Qxd4 Kb8
23.Nd5 Nxd5 24.Bxd5 Bc6 25.c4 Bxd5 26.cxd5 Rhe8 27.Rad1 e3 28.d6 Qd7 29.Rfe1 e2
30.Rd2 g6 31.Rexe2  1/2-1/2

[Event "ch-POL w"]
[Site "Brzeg Dolny POL"]
[Date "2001.09.27"]
[Round "3"]
[White "Zawadzka,J"]
[Black "Grabarska,B"]
[Result "1/2-1/2"]
[WhiteElo "2064"]
[BlackElo "2253"]

1.e4 c5 2.Nf3 e6 3.d4 cxd4 4.Nxd4 Nc6 5.Nc3 Qc7 6.Be3 a6 7.Bd3 Nf6 8.O-O h5
9.h4 b5 10.Nb3 d6 11.f4 Bb7 12.Qf3 Be7 13.Rad1 Na5 14.Nxa5 Qxa5 15.Qf2 Qc7
16.Bb6 Qc6 17.e5 Nd7 18.Bd4 d5 19.f5 O-O-O 20.Ne2 Rdf8 21.Nf4 Nc5 22.Qe3 exf5
23.Bxf5+ Kb8 24.e6 Nxe6 25.Bxe6 fxe6 26.Nxe6 Rxf1+ 27.Rxf1 Bd6 28.Nxg7 Qxc2
29.Be5 Bxe5 30.Qxe5+ Qc7 31.Qd4 Qc4 32.Qe5+ Qc7 33.Qd4 Qc4 34.Qe5+ Qc7  1/2-1/2

[Event "American Continental Women"]
[Site "Merida VEN"]
[Date "2001.09.27"]
[Round "7"]
[White "Sanchez Castillo,S"]
[Black "Burijovich,L"]
[Result "1/2-1/2"]
[WhiteElo "2108"]
[BlackElo "2160"]

1.e4 c5 2.Nf3 e6 3.d4 cxd4 4.Nxd4 Nc6 5.Nc3 Qc7 6.Be2 a6 7.a4 Nf6 8.O-O Nxd4
9.Qxd4 Bc5 10.Qd3 b6 11.Bf3 Rb8 12.Bg5 Bb7 13.Rad1 Bc6 14.e5 Qxe5 15.Bxf6 gxf6
16.Bxc6 dxc6 17.Qd7+ Kf8 18.Rfe1 Qf4 19.Ne4 Be7 20.g3 Rg8 21.Qxc6 f5 22.Nd6 Bxd6
23.Rxd6 Qb4 24.c3 Qc5 25.Qxc5 bxc5 26.Re2 Ra8 27.Rc6 Rg4 28.f4 h5 29.Rxc5 h4
30.Kf2 Rd8 31.Rce5 hxg3+ 32.hxg3 Rd3 33.R5e3 Rd1 34.a5 Ke7 35.b4 Kd6 36.Rb2 Rg8
37.c4 Rh8 38.Ree2 Rc1 39.Red2+ Kc7 40.c5 Rc3 41.Kg2 Rg8 42.Kg1 Rgxg3+ 43.Rg2 Rg4
44.Rxg4 fxg4 45.f5 e5 46.Re2 f6 47.Re4 Rf3 48.Rxg4 Rxf5 49.Rg7+ Kb8 50.Re7 Rf4
51.Re6 Rxb4 52.Rxf6 Rb5 53.Rxa6 Rxc5 54.Kf2 Kb7 55.Rb6+ Kc7 56.Ke3 Rxa5 57.Rh6 Kd7
58.Ke4  1/2-1/2

[Event "Boca Open"]
[Site "Buenos Aires ARG"]
[Date "2001.09.28"]
[Round "9"]
[White "Rosito,J"]
[Black "Giardelli,S"]
[Result "1-0"]
[WhiteElo "2400"]
[BlackElo "2429"]

1.e4 c5 2.Nf3 e6 3.d4 cxd4 4.Nxd4 Nc6 5.Nc3 Qc7 6.Be2 Nf6 7.O-O Nxd4 8.Qxd4 Bc5
9.Qd3 a6 10.Kh1 b5 11.Bg5 Bb7 12.f4 Bb4 13.Bxf6 gxf6 14.a4 Bxc3 15.bxc3 Rc8
16.axb5 axb5 17.Rad1 O-O 18.Qg3+ Kh8 19.Qh4 Rg8 20.Qxf6+ Rg7 21.Rf3 Bxe4
22.Rg3 Rg8 23.Bxb5 Qb7 24.Rxd7  1-0

[Event "ECC"]
[Site "Panormo GRE"]
[Date "2001.09.28"]
[Round "6"]
[White "Neiksans,A"]
[Black "Stamenkov,V"]
[Result "1-0"]
[WhiteElo "2435"]
[BlackElo "2378"]

1.e4 c5 2.Nf3 e6 3.d4 cxd4 4.Nxd4 Nc6 5.Nc3 Qc7 6.Be3 a6 7.Bd3 Nf6 8.O-O h5
9.h3 b5 10.Qe2 Bb7 11.Nb3 Ne5 12.f4 Nc4 13.Bd4 Be7 14.e5 Nd5 15.Ne4 f5 16.Nec5 Bc6
17.a4 Ndb6 18.axb5 axb5 19.Na6 Qc8 20.Nbc5 Bb7 21.Nxb7 Qxb7 22.Qf3 Qxf3 23.Rxf3 Nd5
24.b3 Na3 25.c4 bxc4 26.bxc4 Rxa6 27.cxd5 Ra4 28.d6 Rxd4 29.dxe7 Kxe7 30.Rxa3 Rb8
31.h4 Rb2 32.g3 Rd2 33.Bf1 Rd1 34.Rad3 d6 35.Rxd1 Rxd1 36.Rd3 Rxd3 37.Bxd3 dxe5
38.fxe5 Kd7 39.Kf2 Kc6 40.Ke3 Kd5 41.Kf4  1-0

[Event "ECC"]
[Site "Panormo GRE"]
[Date "2001.09.28"]
[Round "6"]
[White "Dzjuba,V"]
[Black "Andonovski,L"]
[Result "1/2-1/2"]
[WhiteElo "2273"]
[BlackElo "2335"]

1.e4 c5 2.Nf3 e6 3.d4 cxd4 4.Nxd4 Nc6 5.Nc3 Qc7 6.Be3 a6 7.Bd3 b5 8.Nxc6 Qxc6
9.a3 Bb7 10.O-O Nf6 11.Re1 Be7 12.Qf3 Qc7 13.Bd4 O-O 14.Qh3 e5 15.Be3 h6
16.Rad1 Rfe8 17.Bxh6 gxh6 18.Qxh6 Nh7 19.Re3 Bf8 20.Rg3+ Kh8 21.Qh5 d6 22.Rh3 f6
23.Be2 Re7 24.Bg4 Rg7 25.Bf5 Qf7 26.Rdd3 Qxh5 27.Rxh5 Bc8 28.Nd5 Bxf5 29.exf5 Kg8
30.Rdh3 Be7 31.Rxh7 Rxh7 32.Rxh7 Kxh7 33.Nxe7 Kg7 34.c3 a5 35.Nd5 Rc8 36.b4 axb4
37.axb4 Ra8 38.g4 Ra1+ 39.Kg2 Rd1 40.Nc7 d5 41.Nxb5 d4 42.cxd4 exd4 43.Kf3 Kh6
44.h4  1/2-1/2

[Event "ch-POL w"]
[Site "Brzeg Dolny POL"]
[Date "2001.09.29"]
[Round "5"]
[White "Andrzejewska,E"]
[Black "Blimke,D"]
[Result "1-0"]
[WhiteElo "2216"]
[BlackElo "2206"]

1.e4 c5 2.Nf3 e6 3.d4 cxd4 4.Nxd4 Nc6 5.Nc3 Qc7 6.Be3 a6 7.Bd3 Nf6 8.O-O Ne5
9.Nf3 Bd6 10.Nxe5 Bxe5 11.f4 Bxc3 12.bxc3 Qxc3 13.e5 Nd5 14.Bd2 Qc5+ 15.Kh1 b5
16.f5 Bb7 17.Qh5 O-O-O 18.Qe2 exf5 19.c4 bxc4 20.Bxc4 Nc7 21.Rfc1 Qa3 22.Rab1 Bc6
23.Bb4 Qa4 24.Bd6 f4 25.Qf2 Nb5 26.Bxb5 axb5 27.Qb6  1-0

[Event "American Continental Women"]
[Site "Merida VEN"]
[Date "2001.09.29"]
[Round "9"]
[White "Moncayo Romero,E"]
[Black "Burijovich,L"]
[Result "0-1"]
[WhiteElo "2220"]
[BlackElo "2160"]

1.e4 c5 2.Nf3 e6 3.d4 cxd4 4.Nxd4 Nc6 5.Nc3 Qc7 6.Be2 a6 7.O-O Nf6 8.Be3 Bb4
9.Nxc6 bxc6 10.Na4 Rb8 11.f4 Nxe4 12.Qd4 Nf6 13.c4 Be7 14.Rad1 O-O 15.g4 d5
16.c5 Nd7 17.Qd2 Qa7 18.Qc2 a5 19.Bd3 g6 20.f5 Rb4 21.h3 exf5 22.gxf5 Qc7
23.Qg2 Qe5 24.Bh6 Rxa4 25.fxg6 Bxc5+ 26.Kh1 fxg6 27.Bxf8 Nxf8 28.Rde1 Qh5
29.Rf3 Rh4 30.Bf1 Bf5 31.Rc3 Bb4 32.Rxc6 Bxe1 33.Qxd5+ Be6  0-1

[Event "ECC"]
[Site "Panormo GRE"]
[Date "2001.09.29"]
[Round "7"]
[White "Yemelin,V"]
[Black "Macieja,B"]
[Result "1/2-1/2"]
[WhiteElo "2507"]
[BlackElo "2588"]

1.e4 c5 2.Nf3 e6 3.d4 cxd4 4.Nxd4 Nc6 5.Nc3 Qc7 6.Be2 a6 7.O-O Nf6 8.Kh1 Nxd4
9.Qxd4 Bc5 10.Qd2 O-O 11.Qg5 Bd4 12.Bd3 Qe5 13.Qh4 Qh5 14.Qxh5 Nxh5 15.Ne2 Be5
16.f4 Bc7 17.e5 f5 18.h3 g5 19.g4 fxg4 20.hxg4 Nxf4 21.Nxf4 gxf4 22.Bxf4 Rxf4
23.Rxf4 Bxe5 24.Re4 Bxb2 25.Rb1 Bf6 26.Rf1 Bg5 27.Re2 b5 28.Ref2 Bb7+ 29.Kh2 e5
30.Rf7 e4 31.Rxd7 exd3 32.Rxb7 dxc2 33.Rc7 c1=Q 34.Rfxc1 Bxc1 35.Rxc1 Rd8
36.Kg3 Rd3+ 37.Kf4 Ra3 38.Kf5 Rf3+ 39.Ke4 Rf2 40.a4 bxa4 41.Ra1 Rf7 42.Rxa4 Ra7
43.Ra5 Kg7 44.g5 Kg6 45.Kf4 Kh5 46.Kg3 Ra8 47.Kh3 Kg6 48.Kg4 Kf7 49.Kh5 Ke6
50.g6 hxg6+ 51.Kxg6 Kd6 52.Kf5 Kc6 53.Ke4 Kb6 54.Rd5 a5 55.Kd3 Rc8 56.Kd2 a4
57.Rd3 Kb5 58.Rc3 Rh8 59.Kc2 Kb4 60.Rg3  1/2-1/2

[Event "ECC"]
[Site "Panormo GRE"]
[Date "2001.09.29"]
[Round "7"]
[White "Colovic,A"]
[Black "Sjoberg,M"]
[Result "1/2-1/2"]
[WhiteElo "2384"]
[BlackElo "2349"]

1.e4 c5 2.Nf3 e6 3.d4 cxd4 4.Nxd4 Nc6 5.Nc3 Qc7 6.Be3 a6 7.Bd3 b5 8.Nxc6 Qxc6
9.O-O Bb7 10.a3 Nf6 11.Qe2 Be7 12.f4 O-O 13.e5 Nd5 14.Nxd5 Qxd5 15.c4 bxc4
16.Bxc4 Qc6 17.Rac1 Bc5 18.Bxc5 Qxc5+ 19.Qf2 Rfc8 20.Qxc5 Rxc5 21.b4 Rc7
22.Be2 Rac8 23.Rxc7 Rxc7 24.Rd1 g5 25.fxg5 Rc2 26.Rxd7 Rxe2 27.Rxb7 Ra2 28.h4 Rxa3
29.Kh2 Re3 30.b5 axb5 31.Rxb5 Kg7 32.g3 Kg6 33.Kh3 Kh5 34.Rb7 Kg6 35.Rb5 Kh5
36.Rb7 Kg6 37.Rb8 h6 38.gxh6 Kxh6 39.Rb5 Kg6 40.Kg4 Re4+ 41.Kf3 Ra4 42.Rb7 Ra3+
43.Kf4 Ra4+ 44.Kf3 Ra3+ 45.Kg4 Ra4+ 46.Kf3 Ra3+ 47.Kf4 Ra4+  1/2-1/2

[Event "Tatry Open"]
[Site "High Tatras SVK"]
[Date "2001.09.30"]
[Round "2"]
[White "Veres,A"]
[Black "Rigo,Z"]
[Result "0-1"]
[WhiteElo "2238"]
[BlackElo "2340"]

1.e4 c5 2.Nf3 e6 3.d4 cxd4 4.Nxd4 Nc6 5.Nc3 Qc7 6.Be2 a6 7.a4 Nf6 8.Nxc6 bxc6
9.Be3 Bb4 10.Bf3 d5 11.exd5 cxd5 12.Qd4 Bd6 13.Qd3 Rb8 14.Rb1 O-O 15.g3 Nd7
16.O-O Ne5 17.Qe2 Nxf3+ 18.Qxf3 Bb7 19.Qe2 Qc6 20.f3 e5 21.Bf2 f5 22.a5 d4
23.Nd1 Qxf3 24.Qxf3 Bxf3 25.Bxd4 Bxd1 26.Ba7 Bxc2 27.Bxb8 Bc5+  0-1

[Event "Tatry Open"]
[Site "High Tatras SVK"]
[Date "2001.09.31"]
[Round "3"]
[White "Bielczyk,J"]
[Black "Frindt,K"]
[Result "1/2-1/2"]
[WhiteElo "2359"]
[BlackElo "2152"]

1.e4 c5 2.Nf3 Nc6 3.Nc3 e6 4.d4 cxd4 5.Nxd4 Nf6 6.Be2 d6 7.O-O a6 8.a4 Qc7
9.Kh1 Be7 10.Be3 O-O 11.f4 Nd7 12.Qd2 b6 13.f5 Nxd4 14.Bxd4 Ne5 15.f6 Bxf6
16.Rxf6 gxf6 17.Qh6 Qe7 18.Rf1 Kh8 19.Rxf6 Rg8 20.Qf4 Rg7 21.Bh5 Kg8 22.Bf2 Ng6
23.Bxg6 fxg6 24.e5 dxe5 25.Qxe5 Qc7 26.Qe2 Bd7 27.Bd4 Rf8 28.Rxf8+ Kxf8 29.Bxg7+ Kxg7
30.Qxa6 Qf4  1/2-1/2

[Event "ch-SLO"]
[Site "Grize SLO"]
[Date "2001.10.02"]
[Round "2"]
[White "Spelec,D"]
[Black "Susnik,M"]
[Result "0-1"]
[WhiteElo "2158"]
[BlackElo "2233"]

1.e4 c5 2.Nf3 e6 3.d4 cxd4 4.Nxd4 Nc6 5.Nc3 Qc7 6.Be3 a6 7.Bd3 Nf6 8.Nxc6 bxc6
9.f4 d5 10.O-O Be7 11.Kh1 c5 12.e5 Nd7 13.Bg1 c4 14.Be2 O-O 15.Qe1 Bb7 16.Bf3 Rad8
17.h3 Bc5 18.Bh2 Nb6 19.a4 d4 20.Ne4 Bxe4 21.Bxe4 Nd5 22.Qh4 g6 23.f5 exf5
24.Rxf5 Qe7 25.Qg3 Ne3 26.Rf6 d3 27.cxd3 cxd3 28.Bf3 d2 29.Bd1 Qb7 30.b3 Bd4
31.Bf3 Bxa1 32.Bxb7 d1=Q+ 33.Bg1 Bd4 34.Bf3 Qb1 35.Kh2  0-1

[Event "Chigorin Mem Open"]
[Site "St Petersburg RUS"]
[Date "2001.10.02"]
[Round "8"]
[White "Dashko,A"]
[Black "Ionov,S"]
[Result "0-1"]
[WhiteElo "2408"]
[BlackElo "2544"]

1.e4 c5 2.Nf3 Nc6 3.d4 cxd4 4.Nxd4 e6 5.Nc3 d6 6.Be3 Nf6 7.f3 Be7 8.Qd2 O-O
9.g4 a6 10.O-O-O Nxd4 11.Bxd4 b5 12.Kb1 Qc7 13.g5 Nd7 14.f4 Bb7 15.Bg2 Rac8
16.h4 b4 17.Ne2 e5 18.Be3 exf4 19.Nxf4 Ne5 20.b3 Rfe8 21.Bd4 a5 22.Rhe1 g6
23.Nd5 Bxd5 24.exd5 Bf8 25.Rf1 Bg7 26.Bh3 Rb8 27.Rf4 Re7 28.Rdf1 Rbe8 29.Rf6 Nd7
30.Rxf7 Rxf7 31.Rxf7 Kxf7 32.Be6+ Rxe6 33.dxe6+ Kxe6 34.Bxg7 Ne5 35.Bf6 Qc5
36.Kb2 a4 37.a3 bxa3+ 38.Ka2 axb3+ 39.cxb3 Kf5 40.Be7 Ke6 41.Bf6 Nc6 42.Bc3 d5
43.Qe2+ Kd6 44.Be1 Nd4 45.Bg3+ Kd7 46.Bf2 Qc2+ 47.Qxc2 Nxc2 48.Kb1 Nb4 49.Bc5 a2+
50.Ka1 Nd3 51.Bd4 Nc1 52.Bc3 Kc6 53.Bb2 Nxb3+ 54.Kxa2 Nd2 55.Bf6 Kc5 56.Kb2 Kc4
57.Kc2 Nf3  0-1

[Event "Tatry Open"]
[Site "High Tatras SVK"]
[Date "2001.10.03"]
[Round "6"]
[White "Lanc,A"]
[Black "Rigo,Z"]
[Result "1/2-1/2"]
[WhiteElo "2373"]
[BlackElo "2340"]

1.e4 c5 2.Nf3 e6 3.d4 cxd4 4.Nxd4 Nc6 5.Nc3 Qc7 6.f4 d6 7.Be3 a6 8.Be2 Nf6
9.g4 b5 10.g5 Nd7 11.Nxc6 Qxc6 12.Bf3 Bb7 13.O-O Be7 14.Qe1 O-O 15.Qg3 b4
16.Nd1 Rfe8 17.Nf2 Rac8 18.Ng4 Qxc2 19.Rf2 Qc4 20.b3 Qb5 21.Bd4 Kh8 22.h4 e5
23.Bb2 d5 24.Kh2 dxe4 25.Be2 Qb6 26.fxe5 Rc2 27.Bc4 Rxf2+ 28.Qxf2 Qxf2+ 29.Nxf2 Bc5
30.Ng4 Kg8 31.h5 Nb6 32.Rc1 Nxc4 33.Rxc4 Be7 34.Bc1 Rc8 35.Rxc8+ Bxc8 36.Nf2 Bb7
37.Be3 f5 38.gxf6 gxf6 39.Ng4 fxe5 40.Nh6+ Kh8 41.Kg3 Bc8 42.Nf7+ Kg7 43.Nxe5 Kf6
44.Nc4 Kf5 45.Bh6 Bb7 46.Ne3+ Ke6 47.Bg7 Bc5 48.Kf4 Bd5 49.Nf5 a5 50.Nd4+ Kf7
51.Be5 Be7 52.Nf5 Bf8 53.Bc7 a4 54.bxa4 Bxa2 55.Be5 Bb1 56.Bd4 b3 57.a5 Bd3
58.Bb2 Ke6 59.Nd4+ Kd5 60.Nxb3 h6 61.Kg3 e3 62.Nc1 Kc4 63.Bc3 e2 64.Nxd3  1/2-1/2

[Event "Chigorin Mem Open"]
[Site "St Petersburg RUS"]
[Date "2001.10.03"]
[Round "9"]
[White "Frolyanov,D"]
[Black "Mirovshchikov,S"]
[Result "1/2-1/2"]
[WhiteElo "2293"]
[BlackElo "2406"]

1.e4 c5 2.Nf3 e6 3.d4 cxd4 4.Nxd4 Nc6 5.Nc3 d6 6.Be3 Nf6 7.f3 a6 8.Qd2 Qc7
9.g4 Ne5 10.O-O-O Be7 11.g5 Nh5 12.f4 Nc4 13.Qe2 Nxe3 14.Qxe3 d5 15.e5 g6
16.Bg2 b5 17.Nce2 Bb7 18.Bf3 Ng7 19.h4 Rc8 20.Kb1 Nf5 21.Qd3 Bc5 22.Nxf5 gxf5
23.c3 Bb6 24.Nd4 Qc4 25.Qxc4 Rxc4 26.Be2 Rc7 27.a3 Rg8 28.h5 Ke7 29.Rdg1 Bc6
30.Rg3 Be8 31.Bd3 Bd7 32.Be2 Kf8 33.Rh2 Kg7 34.Rhg2 Rgc8 35.Bd3 Rb8 36.Ne2 Be8
37.Nd4 Bd7 38.Ne2 Rh8 39.Nd4 Ba7 40.Rd2 Rhc8 41.Bf1 Rb8 42.h6+ Kf8 43.b4 Bb6
44.Kb2 Ke7 45.Be2 Ra8 46.Bd1 Rac8 47.Bb3 Rg8 48.Rf3 Rgc8 49.Rg3 Rg8 50.Rf3  1/2-1/2

[Event "TCh-BUL w"]
[Site "Pamporovo BUL"]
[Date "2001.10.04"]
[Round "2"]
[White "Georgieva,L"]
[Black "Djingarova,E"]
[Result "1/2-1/2"]
[WhiteElo "2233"]
[BlackElo "2285"]

1.e4 c5 2.Nf3 e6 3.d4 cxd4 4.Nxd4 Nc6 5.Nc3 Qc7 6.Be3 a6 7.Bc4 b5 8.Bb3 Bb7
9.Qe2 Be7 10.O-O-O Nf6 11.f3 O-O 12.g4 Bb4 13.Nb1 Na5 14.Rhg1 d5 15.g5 Nd7
16.Nd2 Nxb3+ 17.axb3 Rac8 18.exd5 Bxd5 19.Ne4 Bxe4 20.fxe4 Nc5 21.Kb1 Nxe4
22.Rg4 Nc5 23.Bf4 Qb7 24.Bd6 Rfd8 25.Nxb5 axb5 26.Rxb4 Qc6 27.Be5 Rxd1+ 28.Qxd1 Ra8
29.Rd4 Nb7 30.c3 Qc5 31.Qe2 Qc6 32.h4 Qh1+ 33.Qd1 Qh3 34.Qg4 Qxg4 35.Rxg4 Nc5
36.Kc2 Nd7 37.Bd6 e5 38.c4 Ra6 39.Ba3 f5 40.gxf6 Nxf6 41.Rg5 Re6 42.Kd3 Kf7
43.Bc5 h6 44.Rg1 Rc6 45.Be3 e4+ 46.Kc3 Nd5+ 47.Kd4 Nxe3 48.Kxe3 bxc4 49.bxc4 Rxc4
50.Rg4 Rb4 51.Rxe4 Rxb2 52.Kf4 Kf6 53.Kg4 Rg2+ 54.Kf3 Rg1 55.Kf2 Kf5 56.Ra4 Rg4
57.Ra5+ Kg6 58.h5+ Kh7 59.Kf3 Rb4 60.Kg3 Kg8 61.Ra7 Rb5 62.Kg4 Rb8 63.Kh4 Rb1
64.Rc7 Rf1 65.Kg4 Rf7 66.Rc8+ Kh7 67.Ra8 Rb7 68.Ra5 Kg8 69.Kf5 Rf7+ 70.Kg4 Rf1  1/2-1/2

[Event "FSGM October"]
[Site "Budapest HUN"]
[Date "2001.10.06"]
[Round "1"]
[White "Dembo,Y"]
[Black "Fogarasi,T"]
[Result "1/2-1/2"]
[WhiteElo "2398"]
[BlackElo "2450"]

1.e4 c5 2.Nf3 e6 3.d4 cxd4 4.Nxd4 Nc6 5.Nc3 Qc7 6.Be3 a6 7.Bd3 Nf6 8.O-O Ne5
9.h3 Bc5 10.Kh1 d6 11.f4 Nxd3 12.cxd3 b5 13.Nc2 Bb7 14.Rg1 O-O 15.f5 Bxe3
16.Nxe3 Qb6 17.Ng4 Nxg4 18.Qxg4 exf5 19.exf5 Qe3 20.f6 g6 21.Qh4 h5 22.Rad1 Rae8
23.Rge1 Qc5 24.d4 Qf5 25.Rf1 Qd7 26.d5 Re5 27.Qf4 Kh7 28.Rfe1 Rfe8 29.Rxe5 Rxe5
30.Kh2 Qf5 31.Qxf5 Rxf5 32.Ne4 Rxd5 33.Rc1 Re5 34.Nxd6 Bd5 35.Rc5 Rg5 36.Ne4 Rf5
37.g4 hxg4 38.hxg4 Bxe4 39.gxf5 gxf5 40.Kg3 Kg6 41.Kf4 Kxf6 42.Rc7 a5 43.Rc5 Bd3
44.Rd5 Bc4 45.Rxf5+ Ke6 46.b3 Bd5 47.Rh5 a4 48.bxa4 bxa4 49.a3 Kd6 50.Ke3 Ke6
51.Kd4 Bb3 52.Ra5 Kf6 53.Ke4 Bc2+ 54.Kf4 Ke6 55.Rc5 Bb3 56.Ke4 Kd6 57.Kd4 Ke6
58.Rh5 Kf6 59.Ke4 Kg6 60.Ra5 Kf6 61.Rc5 Ke6 62.Rc6+ Kd7 63.Ra6 Ke7 64.Ke5 Kd7
65.Rb6 Ke7 66.Rd6 Be6 67.Ra6 Bb3 68.Rd6 Be6  1/2-1/2

[Event "TCh-BUL"]
[Site "Pamporovo BUL"]
[Date "2001.10.06"]
[Round "5"]
[White "Kazakov,D"]
[Black "Dimitrov,Pl"]
[Result "1-0"]
[WhiteElo "2197"]
[BlackElo "2266"]

1.e4 c5 2.Nf3 e6 3.d4 cxd4 4.Nxd4 Nc6 5.Nc3 Qc7 6.g3 a6 7.Bg2 Nf6 8.O-O d6
9.Re1 Be7 10.Nxc6 bxc6 11.e5 dxe5 12.Rxe5 Nd5 13.Nxd5 cxd5 14.Bf4 Bd6 15.Qxd5 Rb8
16.Rd1 Bxe5 17.Qxe5 Qxe5 18.Bxe5 Rb7 19.Bxb7 Bxb7 20.Bxg7 Rg8 21.Bf6 Bd5
22.c4 Rg6 23.Bh4  1-0

[Event "TCh-BUL w"]
[Site "Pamporovo BUL"]
[Date "2001.10.06"]
[Round "5"]
[White "Dojkova,G"]
[Black "Chilingirova,P"]
[Result "0-1"]
[WhiteElo "2076"]
[BlackElo "2223"]

1.e4 c5 2.Nf3 e6 3.d4 cxd4 4.Nxd4 Nc6 5.Nc3 Qc7 6.Be3 Nf6 7.Bd3 a6 8.O-O Be7
9.f4 d6 10.Qf3 O-O 11.Qg3 Nh5 12.Qf3 g6 13.Nxc6 bxc6 14.f5 Bf6 15.g4 Ng7
16.g5 Bxc3 17.bxc3 exf5 18.Bd4 Qe7 19.Bf6 Qa7+ 20.Kh1 fxe4 21.Bxe4 d5 22.Bxg7 Kxg7
23.Qf6+ Kg8 24.Bg2 Be6 25.h4 Qd7 26.h5  0-1

[Event "10th Monarch Assurance"]
[Site "Port Erin IOM"]
[Date "2001.10.06"]
[Round "8"]
[White "Isherwood,P"]
[Black "Jackson,A"]
[Result "0-1"]
[WhiteElo "2172"]
[BlackElo "2230"]

1.e4 c5 2.Nf3 e6 3.d4 cxd4 4.Nxd4 Nc6 5.Nc3 Nf6 6.f4 Bb4 7.Nxc6 bxc6 8.Bd3 d5
9.e5 Nd7 10.O-O Nc5 11.Be2 Bxc3 12.bxc3 Ne4 13.Rf3 Qb6+ 14.Be3 Qa5 15.Bd3 Nc5
16.c4 Ba6 17.cxd5 cxd5 18.Bxa6 Nxa6 19.f5 exf5 20.Qd4 O-O 21.Rxf5 Nb4 22.Rc1 Rac8
23.c3 Nc6 24.Qg4 Ne7 25.Rg5 g6 26.Rh5 Rxc3 27.Re1 Rc4 28.Qg3 Kh8 29.Rxh7+ Kxh7
30.Qh3+ Kg8 31.Rf1 Qc3 32.Qh6 Qxe5 33.Bg5 Nf5 34.Qh3 Qd4+ 35.Kh1 Qg4  0-1

[Event "3rd Golden Autumn"]
[Site "Alushta UKR"]
[Date "2001.10.07"]
[Round "?"]
[White "Gasanov,E"]
[Black "Shtyrenkov,V"]
[Result "0-1"]
[WhiteElo "2440"]
[BlackElo "2492"]

1.e4 c5 2.Nc3 e6 3.Nf3 Nc6 4.d4 cxd4 5.Nxd4 Qc7 6.Be3 a6 7.Qd2 Nf6 8.f3 Ne5
9.g4 h6 10.O-O-O Bb4 11.Bf4 d6 12.h4 Nfd7 13.Kb1 Bxc3 14.Qxc3 Qxc3 15.bxc3 Ke7
16.Be2 Nb6 17.Bg3 Bd7 18.f4 Nec4 19.h5 Bb5 20.Ka1 Na4 21.Bh4+ Kd7 22.Rb1 Rhc8
23.Rh3 Na3 24.Rb3 Nxc2+ 25.Nxc2 Bxe2 26.Rxb7+ Rc7 27.Rxc7+ Kxc7 28.Nd4 Bxg4
29.Rg3 Bxh5 30.Rxg7 Kd7 31.Be1 Rc8 32.Rg3 e5 33.fxe5 dxe5 34.Nf5 Nc5 35.Nxh6 Bg6
36.Ng4 Ke6 37.Nf2 Bxe4 38.Nxe4 Nxe4 39.Re3 f5 40.Kb2 Kd5 41.Rd3+ Kc4 42.Rh3 Rb8+
43.Kc2 Rg8 44.Rh2 a5 45.Re2 a4 46.a3 Rg1 47.Bh4 Ra1 48.Kb2 Ra2+ 49.Kxa2 Nxc3+  0-1

[Event "Bundesliga 2001-2"]
[Site "Bonn GER"]
[Date "2001.10.07"]
[Round "2"]
[White "Mueller,Ka"]
[Black "Andersson,U"]
[Result "1/2-1/2"]
[WhiteElo "2503"]
[BlackElo "2601"]

1.e4 c5 2.Nf3 e6 3.d4 cxd4 4.Nxd4 Nc6 5.Nc3 a6 6.Nxc6 bxc6 7.Bd3 d5 8.O-O Nf6
9.b3 Be7 10.Bb2 O-O 11.e5 Nd7 12.Na4 a5 13.c4 Nb6 14.Nxb6 Qxb6 15.cxd5 cxd5
16.Bd4 Qb4 17.a3 Qb8 18.f4 Ba6 19.f5 exf5 20.Rxf5 Bxd3 21.Qxd3 Qc8 22.Raf1 Bc5
23.Bxc5 Qxc5+ 24.Kh1 Qxa3 25.Qxd5 Rad8 26.Qc4 Qe7 27.h3 Rc8 28.Qa6 Rc5 29.e6 Rxf5
30.Rxf5 Qxe6 31.Qxe6 fxe6 32.Rxa5 Rb8 33.Re5 Kf7 34.Re3 Kf6 35.Kg1 h5 36.Kf2 e5
37.Rf3+ Ke6 38.Rg3 Rb7 39.Rg5 h4 40.Rg4 Kf5 41.Rxh4 Rxb3 42.Ra4 e4 43.Ra8 Rb2+
44.Ke3 Rxg2 45.Ra5+ Kg6 46.Kxe4 Rg3 47.Kf4 Rxh3  1/2-1/2

[Event "10th Monarch Assurance"]
[Site "Port Erin IOM"]
[Date "2001.10.07"]
[Round "9"]
[White "Arakhamia,K"]
[Black "Jackson,A"]
[Result "1-0"]
[WhiteElo "2446"]
[BlackElo "2230"]

1.e4 c5 2.Nf3 e6 3.d4 cxd4 4.Nxd4 Nc6 5.Nc3 Qc7 6.Be3 a6 7.Qd2 Nf6 8.f3 Be7
9.g4 h6 10.O-O-O b5 11.h4 Bb7 12.Qg2 Nxd4 13.Bxd4 Bc5 14.Kb1 Bxd4 15.Rxd4 Qc5
16.Qd2 d5 17.exd5 Nxd5 18.Ne4 Qe7 19.c4 bxc4 20.Bxc4 O-O 21.g5 f5 22.Nf2 Nb6
23.Bb3 Kh7 24.Re1 e5 25.Qa5 Nd7 26.Qc7 Bc8 27.gxh6 gxh6 28.Rxe5 Qg7 29.Red5 Nf6
30.Qxg7+ Kxg7 31.Rc5 Ra7 32.Nd3 Rd7 33.Rxd7+ Bxd7 34.Ne5 Rd8 35.Rc7 Kf8 36.Ra7 f4
37.Rxa6 Bf5+ 38.Kc1 Rc8+ 39.Kd2 Rd8+ 40.Ke1 Ng8 41.Ra7  1-0

[Event "FSGM October"]
[Site "Budapest HUN"]
[Date "2001.10.09"]
[Round "4"]
[White "Fogarasi,T"]
[Black "Spassov,L"]
[Result "1-0"]
[WhiteElo "2450"]
[BlackElo "2386"]

1.e4 c5 2.Nf3 e6 3.d4 cxd4 4.Nxd4 Nc6 5.Nc3 Qc7 6.f4 Nxd4 7.Qxd4 a6 8.Be3 b5
9.O-O-O Bb7 10.Bd3 Rc8 11.Kb1 Nf6 12.Rhe1 Be7 13.e5 Nd5 14.Nxd5 Bxd5 15.f5 g6
16.f6 Bc5 17.Qh4 Bxe3 18.Rxe3 Qc5 19.Re2 h6 20.b3 Kf8 21.Be4 Bc6 22.Bxc6 dxc6
23.Red2 Kg8 24.Qe4 Kh7 25.Rd7 Rhf8 26.Re7 Rce8 27.Red7 Qb6 28.h4 Kg8 29.h5 g5
30.Qd4 Qb8 31.g4 Rc8 32.Qc5 Rcd8 33.R1d6 Rxd7 34.Rxd7 b4 35.Rd6 Rc8 36.Rxc6 Rxc6
37.Qxc6 a5 38.Qd7 Qa8 39.a3 bxa3 40.Ka2 Qb8 41.Kxa3 Qb4+ 42.Ka2 Qb8 43.c4 Qf8
44.c5  1-0

[Event "FSGM October"]
[Site "Budapest HUN"]
[Date "2001.10.11"]
[Round "6"]
[White "Todorovic,GM"]
[Black "Spassov,L"]
[Result "1/2-1/2"]
[WhiteElo "2517"]
[BlackElo "2386"]

1.e4 c5 2.Nf3 e6 3.d4 cxd4 4.Nxd4 Nc6 5.Nc3 Qc7 6.Be3 a6 7.Qd2 Nf6 8.f3 b5
9.O-O-O Bb4 10.Kb1 Bb7 11.Nxc6 Qxc6 12.Bd4 Be7 13.Bd3 d6 14.e5 dxe5 15.Bxe5 O-O
16.Qg5 Qc5 17.Ne4 Bxe4 18.Bxe4 h6 19.Qg3 Rad8 20.f4 Rxd1+ 21.Rxd1 Rd8 22.Rxd8+ Bxd8
23.a3 Kf8 24.Bb7 Qb6 25.Qd3 Ke7 26.Bf3 Bc7 27.Bxc7 Qxc7 28.Qd4 Ne8 29.a4 f6
30.axb5 axb5 31.Be2 Nd6 32.Bd3 Qb7 33.Qc5 Kd7 34.g3 Qa6 35.f5 exf5 36.Bxf5+ Nxf5
37.Qxf5+ Ke7 38.Qc5+ Kf7 39.b4 Qb7 40.Kb2 Ke6 41.Qe3+ Kd6 42.Qc5+ Ke6 43.h4 g5
44.Qe3+ Kf5 45.hxg5 hxg5  1/2-1/2

[Event "Essent Open"]
[Site "Hoogeveen NED"]
[Date "2001.10.12"]
[Round "1"]
[White "Galkin,A"]
[Black "Koster,R"]
[Result "1-0"]
[WhiteElo "2583"]
[BlackElo "2285"]

1.e4 c5 2.Ne2 Nc6 3.Nbc3 e6 4.d4 cxd4 5.Nxd4 Qb6 6.Ndb5 Bc5 7.Qd2 Be7 8.Qf4 Kf8
9.Be3 Qa5 10.O-O-O Nf6 11.Nd6 Qe5 12.Qxe5 Nxe5 13.Nxc8 Rxc8 14.Bxa7 Bb4 15.Bd4 Bxc3
16.Bxc3 Neg4 17.Bd4 Ne8 18.Bb5 Ngf6 19.e5 Nd5 20.Bxd7 Rc7 21.Bb5 Rc8 22.c4 Ne7
23.Kb1  1-0

[Event "12th NATO"]
[Site "San Remo ITA"]
[Date "2001.10.12"]
[Round "7"]
[White "Bontempi,P"]
[Black "Schenk,Andreas"]
[Result "1/2-1/2"]
[WhiteElo "2302"]
[BlackElo "2455"]

1.e4 c5 2.Nf3 e6 3.d4 cxd4 4.Nxd4 Nc6 5.Nc3 Qc7 6.Be2 a6 7.O-O Nf6 8.Kh1 Nxd4
9.Qxd4 Bc5 10.Qd3 b5 11.f4 h5 12.e5 Ng4 13.Qh3 Nf2+ 14.Rxf2 Bxf2 15.Qf3 Qa7
16.Ne4 Bb6 17.Nd6+ Kf8 18.f5 Bc5 19.fxe6 dxe6 20.Nxf7 Bb7 21.Qf1 Bxg2+ 22.Qxg2 Kxf7
23.Bd3 Kg8 24.a4 b4 25.Qc6 Rf8 26.Qxe6+ Qf7 27.Qc6 Qf3+ 28.Qxf3 Rxf3 29.Bxa6 Kf7
30.Bc4+ Kg6 31.Bd3+ Kf7 32.Bg5 Ke6 33.Re1 Bd4 34.Bd2 Rc8 35.Bxb4 Bxb2 36.Bd6 Rf4
37.Be4 Bc3 38.Re2 Rc4 39.Bh7 Rc8 40.Be4 Rc4 41.Bh7 Rc8 42.Be4  1/2-1/2

[Event "YM"]
[Site "Zug SUI"]
[Date "2001.10.12"]
[Round "4"]
[White "Fressinet,L"]
[Black "Kritz,L"]
[Result "1/2-1/2"]
[WhiteElo "2588"]
[BlackElo "2418"]

1.e4 c5 2.Nf3 e6 3.d4 cxd4 4.Nxd4 Nc6 5.Nc3 Qc7 6.Be3 a6 7.Bd3 Nf6 8.O-O Nxd4
9.Bxd4 Bc5 10.Bxc5 Qxc5 11.Na4 Qc7 12.c4 d6 13.Rc1 O-O 14.Qe2 Bd7 15.Nc3 Qc5
16.Kh1 e5 17.Rfd1 Rac8 18.b3 Rfd8 19.Qb2 Qa7 20.Kg1 a5 21.Rd2 Bc6 22.Rcd1 b6
23.Bc2 Ne8 24.a3 Ra8 25.Bd3 Qe7 26.Bf1 Nc7 27.Nd5 Nxd5 28.cxd5 Be8 29.Rc2 Rdc8
30.Rdc1 Qd8 31.Rc3 Bd7 32.Rxc8  1/2-1/2

[Event "FSGM October"]
[Site "Budapest HUN"]
[Date "2001.10.13"]
[Round "8"]
[White "Dembo,Y"]
[Black "Spassov,L"]
[Result "1/2-1/2"]
[WhiteElo "2398"]
[BlackElo "2386"]

1.e4 c5 2.Nf3 e6 3.d4 cxd4 4.Nxd4 Nc6 5.Nc3 Qc7 6.Be3 a6 7.Bd3 b5 8.O-O Bb7
9.Nxc6 Bxc6 10.a3 Nf6 11.Bd4 e5 12.Be3 Bb7 13.Bg5 Be7 14.Bxf6 Bxf6 15.a4 b4
16.Na2 Be7 17.Qd2 Qd6 18.Rfd1 O-O 19.c3 bxc3 20.Nxc3 Rfc8 21.Qe2 Qe6 22.Bb1 Bc5
23.Ba2 Qe7 24.Rac1 a5 25.Nd5 Bxd5 26.Bxd5 Rab8 27.Rc2 d6 28.b3 g6 29.Rd3 Kg7  1/2-1/2